000 02690cam a2200529 i 4500
001 20456341
003 NUST
005 20220828155716.0
008 180417t20182018moua 000 0 eng d
010 _a 2018941651
020 _a9781449476076
_q(paperback)
020 _a1449476074
_q(paperback)
024 1 _a050837352940
035 _a(OCoLC)on1028881934
038 _aAzhar
040 _aYDX
_beng
_cYDX
_erda
_dBDX
_dSFR
_dUOK
_dFNN
_dCGP
_dQQ3
_dOCLCF
_dGP5
_dJTH
_dWC$
_dIGA
_dGO3
_dFDB
_dOCLCO
_dBGI
_dNMW
_dNZIPP
_dOCLCO
_dB@L
_dSINLB
_dOCLCO
_dDLC
042 _alccopycat
050 0 0 _aPN6231.S83
_bC66 2018
082 0 4 _a650.1082
_223
_bCOO
100 1 _aCooper, Sarah
_c(Writer on leadership),
_eauthor.
_994699
245 1 0 _aHow to be successful without hurting men's feelings :
_bnon-threatening leadership strategies for women
_cSarah Cooper.
260 _aKansas City, Missouri :
_bAndrews McMeel Publishing,
_c[2018]
300 _a209 pages :
_bcolor illustrations ;
_c18 cm
336 _atext
_btxt
_2rdacontent
336 _astill image
_bsti
_2rdacontent
337 _aunmediated
_bn
_2rdamedia
338 _avolume
_bnc
_2rdacarrier
505 0 _aDreams -- Communication -- Ambition -- Authenticity -- Diversity -- Leadership -- Negotiation -- Harassment -- Success -- Allies -- Entrepreneurship -- Self-care.
520 _a"Ambitious women are so scary. In this fast-paced business world, female leaders need to make sure they're not perceived as pushy, aggressive, or competent. In How to Be Successful Without Hurting Men's Feelings, Sarah Cooper, author of the bestselling 100 Tricks to Appear Smart in Meetings, illustrates how women can achieve their dreams, succeed in their careers, and become leaders, without harming the fragile male ego"--
_cPublisher's description.
563 _aPB
650 0 _aWomen
_xEmployment
_vHumor.
_994700
650 0 _aBusinesswomen
_vHumor.
_994701
650 0 _aCareer development
_vHumor.
_994702
650 0 _aSuccess in business
_vHumor.
_994703
650 7 _aBUSINESS & ECONOMICS / Women in Business.
_2bisacsh
_994704
650 7 _aHUMOR / Business & Professional.
_2bisacsh
_994705
650 7 _aHUMOR / Parodies.
_2bisacsh
_994706
650 7 _aBusinesswomen.
_2fast
_0(OCoLC)fst00843013
_994707
650 7 _aCareer development.
_2fast
_0(OCoLC)fst00847280
650 7 _aSuccess in business.
_2fast
_0(OCoLC)fst01137062
650 7 _aWomen
_xEmployment.
_2fast
_0(OCoLC)fst01176715
_97565
655 7 _aHumor.
_2fast
_994708
655 7 _aHumor.
_2lcgft
_994708
906 _a7
_bcbc
_ccopycat
_d2
_eepcn
_f20
_gy-gencatlg
942 _2ddc
_cLC
999 _c590537
_d590537